000 00308nam a2200133Ia 4500
008 231129s1980||||xx |||||||||||||| ||spa||
040 _bspa
082 _a618.92855 J71p
100 _aJohnson Wendell
245 0 _aProblemas del habla infantil
260 _c1980
264 _aKapelusz
942 _2ddc
_cBKS
999 _c23266
_d23266